[Event "CZE-chT2E 1617"]
[Site "Czech Republic"]
[Date "2017.01.29"]
[Round "7.4"]
[White "Masak, Pavel"]
[Black "Majer, Jiri Sr"]
[Result "1/2-1/2"]
[WhiteElo "2050"]
[BlackElo "2034"]
[PlyCount "23"]
[EventDate "2016.09.10"]
[EventType "team-tourn"]
[EventRounds "11"]
[EventCountry "CZE"]
[SourceTitle "EXT 2022"]
[Source "ChessBase"]
[SourceDate "2021.10.06"]
[SourceVersion "1"]
[SourceVersionDate "2021.10.06"]
[SourceQuality "1"]
[WhiteTeam "Adamov"]
[BlackTeam "Kurim"]
[WhiteTeamCountry "CZE"]
[BlackTeamCountry "CZE"]

1. Nf3 d5 2. d4 Bf5 3. e3 e6 4. c4 c6 5. Nc3 Nf6 6. h3 h6 7. Bd3 Bxd3 8. Qxd3 Be7 9. 0-0 0-0 10. Ne5 Nbd7 11. f4 dxc4 12. Qxc4 1/2-1/2

[Event "CZE-chT2E 1617"]
[Site "Czech Republic"]
[Date "2017.01.15"]
[Round "6.3"]
[White "Kratochvil, Josef"]
[Black "Majer, Jiri Sr"]
[Result "1-0"]
[WhiteElo "2274"]
[BlackElo "2034"]
[PlyCount "67"]
[EventDate "2016.09.10"]
[EventType "team-tourn"]
[EventRounds "11"]
[EventCountry "CZE"]
[SourceTitle "EXT 2022"]
[Source "ChessBase"]
[SourceDate "2021.10.06"]
[SourceVersion "1"]
[SourceVersionDate "2021.10.06"]
[SourceQuality "1"]
[WhiteTeam "Lipovec Garde"]
[BlackTeam "Kurim"]
[WhiteTeamCountry "CZE"]
[BlackTeamCountry "CZE"]

1. e4 c6 2. c4 d5 3. exd5 cxd5 4. cxd5 Nf6 5. Qa4+ Nbd7 6. Nc3 g6 7. g4 Bg7 8. g5 Nh5 9. Nge2 0-0 10. d4 Nb6 11. Qb3 e6 12. d6 Qxd6 13. Bg2 e5 14. d5 Bf5 15. Ng3 Nxg3 16. hxg3 Rfc8 17. 0-0 Nc4 18. Rd1 Na5 19. Qa4 b6 20. Bf1 Bf8 21. Ba6 Rd8 22. a3 Qd7 23. Bb5 Qc7 24. Be3 a6 25. Bd3 Bxd3 26. Rxd3 Nc4 27. d6 Rxd6 28. Rxd6 Nxd6 29. Nd5 Qc4 30. Qd1 Rb8 31. Rc1 Qb5 32. b4 Nf5 33. a4 Nxe3 34. fxe3 1-0

[Event "CZE-chT2E 1617"]
[Site "Czech Republic"]
[Date "2016.10.09"]
[Round "1.4"]
[White "Vrana, Frantisek"]
[Black "Majer, Jiri Sr"]
[Result "1-0"]
[WhiteElo "2209"]
[BlackElo "2034"]
[PlyCount "73"]
[EventDate "2016.09.10"]
[EventType "team-tourn"]
[EventRounds "11"]
[EventCountry "CZE"]
[SourceTitle "EXT 2022"]
[Source "ChessBase"]
[SourceDate "2021.10.06"]
[SourceVersion "1"]
[SourceVersionDate "2021.10.06"]
[SourceQuality "1"]
[WhiteTeam "Stare Mesto II"]
[BlackTeam "Kurim"]
[WhiteTeamCountry "CZE"]
[BlackTeamCountry "CZE"]

1. f4 d5 2. Nf3 Nf6 3. g3 g6 4. Bg2 Bg7 5. 0-0 0-0 6. d3 c6 7. c3 Nbd7 8. Qc2 Qc7 9. e4 dxe4 10. dxe4 e5 11. f5 Qb6+ 12. Kh1 Re8 13. Na3 Qc7 14. Nh4 b6 15. Qe2 Nf8 16. Bg5 Qe7 17. Qf3 N8d7 18. Nc2 Rf8 19. Ne3 Qe8 20. Nc4 Ba6 21. Nd6 Qe7 22. Rfd1 Rad8 23. Rd2 h6 24. fxg6 hxg5 25. Nhf5 Qe6 26. Bh3 g4 27. Bxg4 Nxg4 28. Qxg4 Nf6 29. gxf7+ Qxf7 30. Nxf7 Nxg4 31. Nxd8 Bf6 32. Ne6 Rf7 33. Rad1 Bc4 34. Nd8 Rh7 35. b3 Bd3 36. Rxd3 Nf2+ 37. Kg2 1-0

[Event "Brno Duras op"]
[Site "Brno"]
[Date "2016.07.01"]
[Round "7"]
[White "Vyskocil, Neklan"]
[Black "Majer, Jiri Sr"]
[Result "1-0"]
[WhiteElo "2323"]
[BlackElo "2090"]
[PlyCount "81"]
[EventDate "2016.06.25"]
[EventType "swiss"]
[EventRounds "9"]
[EventCountry "CZE"]
[SourceTitle "CBM 173 Extra"]
[Source "ChessBase"]
[SourceDate "2016.08.29"]
[SourceVersion "1"]
[SourceVersionDate "2016.08.29"]
[SourceQuality "1"]

1. e4 c6 2. d4 d5 3. Nd2 dxe4 4. Nxe4 Nd7 5. Ng5 Ngf6 6. Bd3 e6 7. N1f3 h6 8. Ne4 Nxe4 9. Bxe4 Nf6 10. Bd3 Bd6 11. Qe2 b6 12. Bd2 Bb7 13. 0-0-0 Qc7 14. Kb1 0-0-0 15. c4 c5 16. Bc3 Rhe8 17. Rhe1 Kb8 18. g3 Ka8 19. Ka1 Bc6 20. dxc5 bxc5 21. Ne5 Bb7 22. f4 Rg8 23. Qc2 Rdf8 24. Qe2 Rd8 25. g4 g6 26. h3 h5 27. Nxg6 Nxg4 28. hxg4 fxg6 29. gxh5 gxh5 30. Qxh5 Bxf4 31. Rxe6 Rg5 32. Qe2 Rg2 33. Qf1 Bh2 34. Ree1 Qg3 35. Qf6 Qg8 36. a3 Rg1 37. Rxg1 Bxg1 38. Be2 Rxd1+ 39. Bxd1 a6 40. Bf3 Bxf3 41. Qxa6+ 1-0

[Event "Brno Duras op"]
[Site "Brno"]
[Date "2016.06.26"]
[Round "2"]
[White "Majer, Jiri Sr"]
[Black "Zuziak, Petr"]
[Result "1-0"]
[WhiteElo "2090"]
[BlackElo "1885"]
[PlyCount "71"]
[EventDate "2016.06.25"]
[EventType "swiss"]
[EventRounds "9"]
[EventCountry "CZE"]
[SourceTitle "CBM 173 Extra"]
[Source "ChessBase"]
[SourceDate "2016.08.29"]
[SourceVersion "1"]
[SourceVersionDate "2016.08.29"]
[SourceQuality "1"]

1. d4 Nf6 2. Nf3 g6 3. c4 Bg7 4. h3 0-0 5. Nc3 d5 6. e3 c6 7. Be2 Nbd7 8. 0-0 b6 9. cxd5 cxd5 10. b3 Bb7 11. Ba3 Ne4 12. Rc1 f5 13. Nxe4 fxe4 14. Ng5 Rf6 15. Bg4 Nf8 16. h4 h6 17. Nh3 h5 18. Be2 Ne6 19. Qd2 Rf8 20. Qb4 Bf6 21. g3 a5 22. Qa4 Bc8 23. Kh2 Bb7 24. Rc2 Rc8 25. Rfc1 Rxc2 26. Rxc2 Kg7 27. Bb5 Kf7 28. Bd7 Rg8 29. Qb5 Rh8 30. Bc6 Bxc6 31. Rxc6 Bxd4 32. exd4 Nxd4 33. Ng5+ Ke8 34. Qa4 Nxc6 35. Qxc6+ Qd7 36. Qa8+ 1-0

[Event "CZE-chT2E 1516"]
[Site "Czech Republic"]
[Date "2016.04.03"]
[Round "10.4"]
[White "Majer, Jiri Sr"]
[Black "Semenova, Elena"]
[Result "0-1"]
[WhiteElo "2096"]
[BlackElo "2248"]
[PlyCount "66"]
[EventDate "2015.10.18"]
[EventType "team-tourn"]
[EventRounds "11"]
[EventCountry "CZE"]
[SourceTitle "EXT 2022"]
[Source "ChessBase"]
[SourceDate "2021.10.06"]
[SourceVersion "1"]
[SourceVersionDate "2021.10.06"]
[SourceQuality "1"]
[WhiteTeam "Kurim"]
[BlackTeam "Brno Duras II"]
[WhiteTeamCountry "CZE"]
[BlackTeamCountry "CZE"]

1. d4 f5 2. Nf3 Nf6 3. g3 g6 4. Bg2 Bg7 5. c4 0-0 6. Nc3 d6 7. 0-0 c6 8. Bf4 h6 9. Qb3 g5 10. Bc1 Na6 11. a3 Kh8 12. Qc2 Qe8 13. d5 Bd7 14. dxc6 bxc6 15. Rd1 Qf7 16. b3 Nc5 17. Nd4 Nfe4 18. Bb2 Rad8 19. f3 Nxc3 20. Qxc3 e5 21. Nc2 Rb8 22. Nb4 a5 23. Rxd6 axb4 24. axb4 Nb7 25. Rd2 Ra8 26. Rad1 Be6 27. Qe3 Qc7 28. f4 gxf4 29. gxf4 e4 30. Be5 Bxe5 31. fxe5 Kh7 32. Kf2 Rg8 33. Bh3 Qxe5 0-1

[Event "CZE-chT2E 1516"]
[Site "Czech Republic"]
[Date "2016.01.24"]
[Round "6.5"]
[White "Majer, Jiri Sr"]
[Black "Hajek, Oskar"]
[Result "0-1"]
[WhiteElo "2096"]
[BlackElo "2134"]
[PlyCount "44"]
[EventDate "2015.10.18"]
[EventType "team-tourn"]
[EventRounds "11"]
[EventCountry "CZE"]
[SourceTitle "EXT 2022"]
[Source "ChessBase"]
[SourceDate "2021.10.06"]
[SourceVersion "1"]
[SourceVersionDate "2021.10.06"]
[SourceQuality "1"]
[WhiteTeam "Kurim"]
[BlackTeam "Prusanky Podluzan"]
[WhiteTeamCountry "CZE"]
[BlackTeamCountry "CZE"]

1. d4 e6 2. c4 Nf6 3. Nf3 c5 4. g3 cxd4 5. Nxd4 Bb4+ 6. Bd2 Qb6 7. Bg2 Bc5 8. Bc3 e5 9. Nf5 Bxf2+ 10. Kf1 Ng4 11. Qb3 Qf6 12. e4 g6 13. h3 gxf5 14. hxg4 fxe4 15. Bxe4 Be3+ 16. Ke2 Qf2+ 17. Kd1 d5 18. Bf5 Qf3+ 19. Kc2 Bxf5+ 20. gxf5 Qe4+ 21. Kd1 Qxh1+ 22. Ke2 d4 0-1

[Event "Brno Duras op"]
[Site "Brno"]
[Date "2015.07.03"]
[Round "7"]
[White "Majer, Jiri Sr"]
[Black "Dirgas, Josef"]
[Result "1-0"]
[WhiteElo "2049"]
[BlackElo "2023"]
[PlyCount "143"]
[EventDate "2015.06.27"]
[EventType "swiss"]
[EventRounds "9"]
[EventCountry "CZE"]
[SourceTitle "CBM 167 Extra"]
[Source "ChessBase"]
[SourceDate "2015.09.14"]
[SourceVersion "1"]
[SourceVersionDate "2015.09.14"]
[SourceQuality "1"]

1. d4 Nf6 2. Nf3 e6 3. c4 Bb4+ 4. Bd2 Qe7 5. Nc3 Bxc3 6. Bxc3 Ne4 7. Qc2 Nxc3 8. bxc3 d6 9. e4 e5 10. Bd3 Nd7 11. 0-0 0-0 12. h3 b6 13. Qd2 Bb7 14. Rfe1 Rae8 15. Nh2 Qh4 16. Nf3 Qf6 17. Bc2 Bc6 18. Qd1 Re7 19. Ba4 Bxa4 20. Qxa4 a5 21. Qc6 Nb8 22. Qb5 Rfe8 23. dxe5 dxe5 24. Rad1 Qc6 25. Qxc6 Nxc6 26. Rd5 f6 27. Red1 Kf7 28. a4 Nb8 29. Nd2 Rd7 30. Nb3 Rxd5 31. cxd5 Ke7 32. Kf1 Na6 33. Ke2 Kd6 34. Kd3 Nc5+ 35. Nxc5 Kxc5 36. c4 Rd8 37. Kc3 Rd6 38. Rb1 c6 39. h4 h5 40. g3 Rd7 41. Rd1 g5 42. f3 gxh4 43. gxh4 Rg7 44. Rd3 Kd6 45. Rd2 Rg3 46. Rf2 Rh3 47. Kd3 Rxh4 48. Rg2 Rf4 49. Ke3 h4 50. Rg6 cxd5 51. cxd5 Kc5 52. Rg8 Kd6 53. Rb8 Kc7 54. Rh8 f5 55. Rh7+ Kc8 56. Re7 fxe4 57. fxe4 Rg4 58. Rxe5 Rg3+ 59. Kf4 Ra3 60. Rh5 Rxa4 61. Ke5 Rc4 62. Rxh4 a4 63. Kd6 a3 64. Rh8+ Kb7 65. Rh7+ Ka6 66. e5 a2 67. Rh1 Rh4 68. Ra1 Rh2 69. e6 Kb7 70. Kd7 b5 71. e7 Rd2 72. d6 1-0

[Event "Brno CEZ op"]
[Site "Brno"]
[Date "2014.08.28"]
[Round "6"]
[White "Hrdlicka, Vladan"]
[Black "Majer, Jiri Sr"]
[Result "0-1"]
[WhiteElo "1823"]
[BlackElo "2067"]
[PlyCount "78"]
[EventDate "2014.08.24"]
[EventType "swiss"]
[EventRounds "9"]
[EventCountry "CZE"]
[SourceTitle "CBM 162 Extra"]
[Source "ChessBase"]
[SourceDate "2014.10.17"]
[SourceVersion "1"]
[SourceVersionDate "2014.10.17"]
[SourceQuality "1"]

1. e4 c6 2. d4 d5 3. Nd2 dxe4 4. Nxe4 Nd7 5. Ng5 Ngf6 6. Bc4 e6 7. Qe2 Nb6 8. N1f3 Nxc4 9. Qxc4 h6 10. Nh3 Qd5 11. Qa4 b5 12. Qa5 b4 13. Qa4 Qb5 14. Qxb5 cxb5 15. Nf4 Bb7 16. Ke2 Rc8 17. Kd1 Be7 18. Be3 0-0 19. Rg1 Rfd8 20. Ne5 Nd5 21. Nxd5 Rxd5 22. f4 f6 23. Nd3 Bd6 24. g4 e5 25. g5 exf4 26. gxf6 Rg5 27. Rxg5 hxg5 28. Bd2 Bf3+ 29. Kc1 gxf6 30. Bxb4 Bxb4 31. Nxb4 Kf7 32. Kd2 Rh8 33. Re1 Rxh2+ 34. Kc3 a5 35. Nd3 Bd5 36. a3 f3 37. Rf1 g4 38. Nf2 Rxf2 39. Rxf2 g3 0-1

[Event "Brno Duras op-A"]
[Site "Brno"]
[Date "2014.06.30"]
[Round "3"]
[White "Pokorny, Petr"]
[Black "Majer, Jiri Sr"]
[Result "1/2-1/2"]
[WhiteElo "2178"]
[BlackElo "2053"]
[PlyCount "22"]
[EventDate "2014.06.28"]
[EventType "swiss"]
[EventRounds "9"]
[EventCountry "CZE"]
[SourceTitle "CBM 161 Extra"]
[Source "ChessBase"]
[SourceDate "2014.08.29"]
[SourceVersion "1"]
[SourceVersionDate "2014.08.29"]
[SourceQuality "1"]

1. d4 d5 2. c4 c6 3. Nf3 Nf6 4. Nc3 e6 5. cxd5 cxd5 6. Bf4 Bd6 7. Bxd6 Qxd6 8. e3 Nc6 9. Bd3 0-0 10. 0-0 Bd7 11. Rc1 Rfc8 1/2-1/2

[Event "CZE-chT2E 1314"]
[Site "Czech Republic"]
[Date "2014.03.02"]
[Round "9.5"]
[White "Majer, Jiri Sr"]
[Black "Uhmann, Jan"]
[Result "1/2-1/2"]
[WhiteElo "2066"]
[BlackElo "2126"]
[PlyCount "29"]
[EventDate "2013.11.03"]
[EventType "team-tourn"]
[EventRounds "11"]
[EventCountry "CZE"]
[SourceTitle "EXT 2016"]
[Source "ChessBase"]
[SourceDate "2015.10.08"]
[SourceVersion "1"]
[SourceVersionDate "2015.10.08"]
[SourceQuality "1"]
[WhiteTeam "Kurim"]
[BlackTeam "Hustopece"]
[WhiteTeamCountry "CZE"]
[BlackTeamCountry "CZE"]

1. d4 d5 2. Nf3 Nf6 3. c4 e6 4. Nc3 Nbd7 5. e3 c6 6. Bd3 Be7 7. 0-0 0-0 8. Qc2 b6 9. e4 dxe4 10. Nxe4 Bb7 11. b3 h6 12. Bb2 Rc8 13. Rad1 Qc7 14. Rfe1 Rfd8 15. a3 1/2-1/2

[Event "CZE-chT2E 1314"]
[Site "Czech Republic"]
[Date "2014.02.16"]
[Round "8.3"]
[White "Kopcil, Milan"]
[Black "Majer, Jiri Sr"]
[Result "1/2-1/2"]
[WhiteElo "2059"]
[BlackElo "2066"]
[PlyCount "27"]
[EventDate "2013.11.03"]
[EventType "team-tourn"]
[EventRounds "11"]
[EventCountry "CZE"]
[SourceTitle "EXT 2016"]
[Source "ChessBase"]
[SourceDate "2015.10.08"]
[SourceVersion "1"]
[SourceVersionDate "2015.10.08"]
[SourceQuality "1"]
[WhiteTeam "Napajedla"]
[BlackTeam "Kurim"]
[WhiteTeamCountry "CZE"]
[BlackTeamCountry "CZE"]

1. e4 c6 2. d4 d5 3. Nc3 dxe4 4. Nxe4 Nf6 5. Nxf6+ exf6 6. Nf3 Bd6 7. Bd3 0-0 8. 0-0 Be6 9. c4 Nd7 10. Qc2 g6 11. Re1 Qc7 12. Bxg6 hxg6 13. Rxe6 fxe6 14. Qxg6+ 1/2-1/2

[Event "CZE-chT2E 1314"]
[Site "Czech Republic"]
[Date "2013.11.17"]
[Round "2.5"]
[White "Majer, Jiri Sr"]
[Black "Navratilik, Pavel"]
[Result "1/2-1/2"]
[WhiteElo "2066"]
[BlackElo "2142"]
[PlyCount "84"]
[EventDate "2013.11.03"]
[EventType "team-tourn"]
[EventRounds "11"]
[EventCountry "CZE"]
[SourceTitle "EXT 2016"]
[Source "ChessBase"]
[SourceDate "2015.10.08"]
[SourceVersion "1"]
[SourceVersionDate "2015.10.08"]
[SourceQuality "1"]
[WhiteTeam "Kurim"]
[BlackTeam "Postoupky"]
[WhiteTeamCountry "CZE"]
[BlackTeamCountry "CZE"]

1. d4 Nf6 2. Nf3 c5 3. e3 cxd4 4. exd4 d5 5. Bd3 Nc6 6. c3 Bg4 7. h3 Bh5 8. Bf4 e6 9. Nbd2 Be7 10. Qb3 Qc8 11. 0-0 0-0 12. Rac1 a6 13. a4 Rd8 14. Rfe1 Bxf3 15. Nxf3 h6 16. Qd1 Na5 17. Ne5 Nc4 18. Qe2 Nxe5 19. Bxe5 Qd7 20. a5 Rac8 21. Ra1 Rc6 22. Bc2 b5 23. Qd3 Kf8 24. Re3 Ne4 25. f3 Nf6 26. g4 Qb7 27. h4 g6 28. Re2 b4 29. Qe3 Ng8 30. h5 gxh5 31. Bh7 bxc3 32. bxc3 Bg5 33. f4 f6 34. Bxg8 fxe5 35. Qxe5 Kxg8 36. fxg5 Qg7 37. gxh6 Qxe5 38. Rxe5 hxg4 39. Rb1 Kh7 40. Kg2 Kxh6 41. Rb6 Rdd6 42. Rb3 Kg6 1/2-1/2

[Event "Pardubice Czech op-A 24th"]
[Site "Pardubice"]
[Date "2013.07.21"]
[Round "3"]
[White "Konguvel, Ponnuswamy"]
[Black "Majer, Jiri Sr"]
[Result "1-0"]
[WhiteElo "2319"]
[BlackElo "2024"]
[PlyCount "43"]
[EventDate "2013.07.19"]
[EventType "swiss"]
[EventRounds "9"]
[EventCountry "CZE"]
[SourceTitle "CBM 155 Extra"]
[Source "ChessBase"]
[SourceDate "2013.08.26"]
[SourceVersion "1"]
[SourceVersionDate "2013.08.26"]
[SourceQuality "1"]

1. e4 e5 2. Nf3 Nf6 3. d4 Nxe4 4. Bd3 d5 5. dxe5 Nd7 6. 0-0 Be7 7. c4 Ndc5 8. cxd5 0-0 9. Bc2 Bf5 10. b4 Na6 11. Re1 Bxb4 12. Bxe4 Bxe1 13. Bxf5 Bb4 14. Bxh7+ Kxh7 15. Ng5+ Kg6 16. Qd3+ f5 17. exf6+ Kxf6 18. Ne6 Qe8 19. Bg5+ Kf7 20. Qd4 Rg8 21. Qf4+ Kg6 22. Qe4+ 1-0